Tecnología Mecanica vol.3/Centro regional de ayuda técnica (Registro nro. 21931)
[ vista simple ]
| 000 -LÍDER | |
|---|---|
| fixed length control field | 00370nam a2200121 4500 |
| 008 - ELEMENTOS DE LONGITUD FIJA -- INFORMACIÓN GENERAL | |
| fixed length control field | 01970 1968 0a 000 0mex |
| 082 ## - NUMERO DE CLASIFICACION DECIMAL DEWEY | |
| Número de Clasificación | 621.7 |
| 110 ## - ASIENTO PRINCIPAL--NOMBRE CORPORATIVO | |
| Nombre corporativo o de jurisdicción como elemento de entrada | De ayuda técnica centro regional |
| 245 ## - TÍTULO | |
| Título | Tecnología Mecanica vol.3/Centro regional de ayuda técnica |
| 260 ## - PUBLICACIÓN, DISTRIBUCIÓN, ETC. (PIE DE IMPRENTA) | |
| Lugar de publicación, distribución, etc. | México: Reverté |
| 300 ## - DESCRIPCIÓN FÍSICA | |
| Extensión | 212p.vol.3/24cm. |
| 650 ## - ASIENTO SECUNDARIO DE MATERIA - TERMINO TEMÁTICO | |
| Término temático o nombre geográfico como elemento de entrada | 1.TECNOLOGIA 2.MECANICA |
| No. biblioteca | No. biblioteca | Número de clasificación | Código de barras/Número de adquisición | Número de copia | Tipo de material |
|---|---|---|---|---|---|
| LUIS G. INCLAN | LUIS G. INCLAN | 621.7 | 5155 | 3002 | Libros |
